000 00444nam a2200193Ia 4500
005 20250603144812.0
008 250603s9999 xx 000 0 und d
020 _a978-0-13-234043-4 / 03-234043-7
050 _aTK 7888.3 .M343/
100 _aMano, M. Moris
245 0 _aDigital design
250 _a4th ed.
260 _aNew Jersey
260 _bPearson
260 _c2007
300 _a618 p
650 _aNew Jersey
942 _cBK
999 _c39993
_d39993